000 02239 a2200277 4500
005 20210507151109.0
008 130821s1933 fr ao fr 1 fre
040 _aCO-BoUCM
_bspa
_cSandra Yazo
_dSandra Yazo
041 0 _aspa
082 0 4 _a947.084
_220
092 _aE51N049
100 1 _aNoulens, Joseph
_d1864-1944
_9103364
242 0 0 _yspa
245 1 0 _aMon Ambassade en Russie Soviétique
_cJorge Saborido ; editor José María Fernández
_b1917. Tome Premier [ -1919. Tome second]
260 _aParís (Francia)
_bLibrairie Plon ; Les petits-fils de Plon et Nourrit [Librería Plon ; Nietos de Plon y Nourrit]
_c1933
300 _a2 volúmenes (xxvi, 259 ; 300 páginas)
_c19 x 12 cm.
500 _aDetalles físicos: Sin encuadernación original, actualmente, encuadernación rígida (holandesa) en cartón forrado en papel, lomo de tela y adornos en dorado. Guardas. Hoja de cortesía. Anteportada. Portada impresa en una tinta con un grabado con marca tipográfica del editor. Texto impreso en una sola columna. Sumarios iniciales. Ilustraciones (fotografía) fuera del texto. Índices al final de cada tomo.
505 0 _aV.1: Capítulos I al XI: Mi nombramiento como embajador en Rusia ; Retrospectiva de algunos hechos ; Lenin ; El gobierno provisional Represión del movimiento insurrecto ; La familia imperial en Tobolsk ; Conferencia de Moscú ; Discurso de Kerensky ; Mensaje de Benedicto XV ; Golpe de estado de Kornilov ; Reparto de fusiles a los bolcheviques ; Bolcheviques, mayoría en el Soviet ; Golpe de Estado del 7 de noviembre de 1917 ; Asalto al Palacio de Invierno -- V.2: Por que dejamos Petrogrado el 28 de febrero de 1918 ; Situación en Finlandia ; Cuarto congreso del Soviet en Moscú ; Japón interviene en Vladivostok ; Los intereses aliados en Rusia ; Maniobras contradictorias de los Comisarios del Pueblo ; El Comité de Regeneración ; Caída de Rumania ; El papel de los agentes secretos
506 _aConsulta en sala
546 _aTexto en frances
650 7 _913310
_aDiplomacia
_zEuropa
650 7 _aRelaciones exteriores
_xRusia
_9103365
651 4 _aRusia
_xHistoria
_yRevolucion
_933378
690 _aHistoria de Europa
_926509
942 _cLIBRO
_a21
_e1
_2LOCAL
_hE51N049
999 _c318795
_d318795